000
00270nam a2200121 a 4500
008
101025s1986|||| d
245
1
0
_a
Kameň a váhy
100
1
_a
Lins, Osman
044
_a
xo
_c
SK
041
_a
slo
020
_c
26
260
_b
Tatran
_c
1986
_a
Bratislava
999
_c
12141
_d
12141